Червена вода (Запис номер 176755)
[ съкратено ]
| 000 -Лидер | |
|---|---|
| Контролно поле с фиксирана дължина | 01420nam a2200433 a 4500 |
| 003 - Код на организацията, давaща контролен номер | |
| Контролно поле | BLK |
| 005 - Дата и час на последна редакция | |
| Контролно поле | 20240311145726.0 |
| 008 - Елементи от данни с фиксирана дължина | |
| fixed length control field | 180411b bul|||||r ||||||| ||bul|| |
| 010 ## - Наследен системен номер | |
| LC control number | KNG00185383000 |
| 020 ## - Международен стандартен номер на книга ISBN | |
| Международен стандартен номер на книга ISBN | 978-954-509-538-2 |
| 040 ## - Източник на каталожния запис | |
| Идентификатор на билиотеката - собственик на записа | BLK |
| 041 ## - Код за език | |
| Код за езика на текст/звукозапис или на отделно заглавие | Български |
| Код за езика КДБФ | Български |
| 072 #7 - Код за тематичната категория | |
| Код организация | bullib |
| Код за тематична категория | Н92 |
| Текст | История Н |
| 080 ## - УДК | |
| Текстов определител УДК | Краезнание |
| УДК код - определител по УДК | 908 |
| УДК определител | (497.21-22) |
| УДК - код + определител | 908(497.21-22) |
| 100 1# - Редна дума - Автор | |
| Автор | Михов, Будин Михов |
| Авторска отговорност | първи автор |
| R(LIN) | 302460 |
| 139 ## - Редно поле | |
| Редна дума | Михов, Будин Михов |
| Авторски знак | Михо - М 76 |
| 245 10 - Сведения за заглавието | |
| Заглавие | Червена вода |
| Подзаглавни данни | Историята на едно бунтовническо село |
| Редно поле (дума) | Будин Михов. |
| 257 ## - Страна на издаване | |
| Страна на създаване/издаване | България |
| 260 ## - Област на издателските данни | |
| Име на издателя, разпространителя и проч. | Воен. изд. |
| Година на издаване | 2015 |
| Място на издаване, разпространение и проч. | София |
| 300 ## - Физическа характеристика | |
| Страници | 295 с. |
| Илюстрации и др. | с ил. |
| Размери/Мащаб | 24 см |
| 380 ## - Жанр | |
| Жанр | История |
| 500 ## - Общи забележки | |
| Забележка | Съдържа и за авт. |
| 650 #4 - Допълнително описание по предмет – тема | |
| Основно описание – тема или топоним | Села - България - история |
| 9 (RLIN) | 243048 |
| 651 #4 - Допълнително описание по предмет - топоним | |
| Географско понятие | Червена вода |
| 9 (RLIN) | 179773 |
| 651 #7 - Допълнително описание по предмет - топоним | |
| Географско понятие | Русенско |
| 9 (RLIN) | 179464 |
| 659 ## - Тематичен бюлетин | |
| Тематичен бюлетин | Н |
| 659 #7 - Тематичен бюлетин | |
| Тематичен бюлетин | К |
| 9 (RLIN) | 178158 |
| Тематичен бюлетин - текст | Краезнание |
| 852 ## - Местоположение | |
| Форматна сигнатура | Цб 278520 |
| 852 ## - Местоположение | |
| Форматна сигнатура | К 908(497.2)/М 76 Б |
| 856 4# - Електронен адрес и достъп | |
| Електронен формат | pdf - файл |
| 856 4# - Електронен адрес и достъп | |
| Електронен формат | pdf - файл |
| 999 ## - СИСТЕМНИ КОНТРОЛНИ НОМЕРА | |
| Koha biblionumber | 176755 |
| Koha biblioitemnumber | 176755 |
| 942 ## - АРТИКУЛИ | |
| Вид на библиотечния материал | Книги |
| Скрит в OPAC | Не |
| Koha issues (borrowed), all copies | 4 |
| Периодичен библиозапис | Да |
| 944 ## - СЪЗДАВАНЕ И РЕДАКЦИЯ на ЗАПИСА | |
| Създаване/Редакция | Създаване |
| Дата на регистрацията/редакция | 09.12.2015 |
| Служител, извършил регистрацията/редакцията | 30535 |
| Статус, дата на статуса | Христина Везирева |
| 944 ## - СЪЗДАВАНЕ И РЕДАКЦИЯ на ЗАПИСА | |
| Създаване/Редакция | Редакция |
| Дата на регистрацията/редакция | 19.01.2018 |
| Служител, извършил регистрацията/редакцията | Пенка_Димитрова |
| 999 ## - СИСТЕМНИ КОНТРОЛНИ НОМЕРА | |
| Koha biblioitemnumber | 176755 |
| 999 ## - СИСТЕМНИ КОНТРОЛНИ НОМЕРА | |
| Koha biblioitemnumber | 176755 |
| 999 ## - СИСТЕМНИ КОНТРОЛНИ НОМЕРА | |
| Koha biblioitemnumber | 176755 |
| 999 ## - СИСТЕМНИ КОНТРОЛНИ НОМЕРА | |
| Koha biblioitemnumber | 176755 |
| Код за отписване | Код за изгубен артикул | Източник на класификационната схема | Код за повреда | Коз за рестрикции | Код за отдаване | Артикулен № | Име на библиотеката - собственик | Име на библиотеката, в която се намира в момента | Статус (Текущо местоположение) | Дата на вписване в системата | Местоположение - отдел | Цена в лева | Инвентарен номер | Систематично азбучна сигнатура | Баркод | Номер на екземпляра | Цена в евро | Служебна бележка | Служебен тип на артикула |
|---|---|---|---|---|---|---|---|---|---|---|---|---|---|---|---|---|---|---|---|
| Не е изгубен | Universal Decimal Classification | Не е повреден | само за читалня | ползва се в читалня | 303991 | Регионална библиотека "Любен Каравелов" Русе | Регионална библиотека "Любен Каравелов" Русе | Хранилище | 2015-12-09 | Хранилище | 14.00 | 120000795509 | Цб 278520 | 120000795509 | 1 | 7.16 | Дост: Dp Вид: Д N: 47 Дата: 02.11.2015 | Книги | |
| Не е изгубен | Universal Decimal Classification | Не е повреден | само за читалня | ползва се в читалня | 303992 | Регионална библиотека "Любен Каравелов" Русе | Регионална библиотека "Любен Каравелов" Русе | Краезнание | 2018-01-19 | Краезнание | 11.20 | 120000819161 | К 908(497.2)/М 76 Б | 120000819161 | 2 | 5.73 | Дост: Pk Вид: Ф N: 69933 Дата: 15.01.2018 Дата инв: 15.02.2018 | Книги | |
| Не е изгубен | Universal Decimal Classification | Не е повреден | без рестрикции | ползва се в читалня | 729577 | Регионална библиотека "Любен Каравелов" Русе | Регионална библиотека "Любен Каравелов" Русе | Хранилище | 2019-07-10 | Основен фонд - ползва се само за читалня | 14.00 | Цб 278520 | 120000833551 | 7.16 | Книги |